[Event "GER-ch U12"]
[Site "Oberhof"]
[Date "2012.05.29"]
[Round "5"]
[White "Oezkan, Afet Ekin"]
[Black "Savchenko, Daniel"]
[Result "1/2-1/2"]
[WhiteElo "1406"]
[BlackElo "1628"]
[PlyCount "40"]
[EventDate "2012.05.27"]
[EventType "swiss"]
[EventRounds "11"]
[EventCountry "GER"]
[SourceTitle "CBM 148 Extra"]
[Source "ChessBase"]
[SourceDate "2012.06.22"]
[SourceVersion "1"]
[SourceVersionDate "2012.06.22"]
[SourceQuality "1"]

1. d4 d5 2. c4 e6 3. Nf3 c5 4. cxd5 exd5 5. Nc3 Nc6 6. g3 c4 7. Bg2 Bb4 8. 0-0 Nge7 9. a3 Ba5 10. Re1 0-0 11. b4 cxb3 12. Qxb3 Bxc3 13. Qxc3 Na5 14. Bf4 Nc4 15. e4 b5 16. a4 Bd7 17. exd5 Nxd5 18. Qb3 Nxf4 19. gxf4 a6 20. Ne5 Be6 1/2-1/2

[Event "GER-ch U12"]
[Site "Oberhof"]
[Date "2012.05.28"]
[Round "3"]
[White "Oezkan, Afet Ekin"]
[Black "Reuker, Jari"]
[Result "0-1"]
[WhiteElo "1406"]
[BlackElo "1664"]
[PlyCount "74"]
[EventDate "2012.05.27"]
[EventType "swiss"]
[EventRounds "11"]
[EventCountry "GER"]
[SourceTitle "CBM 148 Extra"]
[Source "ChessBase"]
[SourceDate "2012.06.22"]
[SourceVersion "1"]
[SourceVersionDate "2012.06.22"]
[SourceQuality "1"]

1. d4 Nf6 2. Nf3 d5 3. c4 e6 4. Nc3 Nbd7 5. Bg5 Bb4 6. g3 c5 7. cxd5 exd5 8. Bg2 Qa5 9. Qc2 Ne4 10. Bd2 Nxd2 11. Qxd2 Nf6 12. 0-0 Ne4 13. Qe3 Bxc3 14. bxc3 Qxc3 15. Rfc1 Qxe3 16. fxe3 c4 17. Ne1 Bf5 18. Nc2 Kd7 19. Rf1 Ke6 20. Nb4 Rhd8 21. Rac1 a5 22. Nc2 Nc3 23. Bf3 Nxa2 24. Ra1 Bxc2 25. Rxa2 Bb3 26. Ra3 f5 27. g4 g6 28. gxf5+ gxf5 29. Bg2 Rg8 30. Kh1 a4 31. e4 dxe4 32. d5+ Ke5 33. e3 Rad8 34. Bh3 Rg5 35. Raa1 Rxd5 36. Rae1 Rd2 37. Ra1 b5 0-1

[Event "GER-ch U12"]
[Site "Oberhof"]
[Date "2012.05.27"]
[Round "1"]
[White "Oezkan, Afet Ekin"]
[Black "Poghosyan, Tigran"]
[Result "0-1"]
[WhiteElo "1406"]
[BlackElo "1860"]
[PlyCount "78"]
[EventDate "2012.05.27"]
[EventType "swiss"]
[EventRounds "11"]
[EventCountry "GER"]
[SourceTitle "CBM 148 Extra"]
[Source "ChessBase"]
[SourceDate "2012.06.22"]
[SourceVersion "1"]
[SourceVersionDate "2012.06.22"]
[SourceQuality "1"]

1. d4 Nf6 2. Nf3 g6 3. c4 Bg7 4. Nc3 d5 5. Qb3 dxc4 6. Qxc4 0-0 7. e4 c6 8. Be2 Nbd7 9. h3 Nb6 10. Qb3 Be6 11. Qc2 Bc4 12. Bxc4 Nxc4 13. Qb3 b5 14. Be3 a5 15. 0-0 Nxe3 16. fxe3 b4 17. Ne2 Nxe4 18. Qc2 Nd6 19. Qxc6 Nf5 20. Qe4 Bh6 21. Nf4 Ng3 22. Qe5 Nxf1 23. Rxf1 Bg7 24. Qe4 Rc8 25. h4 Qd6 26. h5 gxh5 27. Nxh5 Qg6 28. Qxg6 hxg6 29. Nf4 Rc2 30. Rb1 Rfc8 31. Nd3 Re2 32. Nc5 e5 33. Kf1 Rxe3 34. Kf2 exd4 35. Nb3 Rc2+ 36. Kf1 d3 37. Re1 Rxe1+ 38. Nxe1 d2 39. Ke2 dxe1Q+ 0-1